All Pro League Teams 2024-2025 - Statistics

General Stats
  • This quiz has been taken 14 times
    9 since last reset
  • The average score is 17 of 32
Answer Stats
Pro League % Correct
Club Brugge
100%
Royal Antwerp FC
100%
Cercle Brugge
86%
KAA Gent
86%
KRC Genk
86%
RSC Anderlecht
86%
Standard Liège
71%
Beerschot
57%
FC Dender
57%
KAS Eupen
57%
KV Kortrijk
57%
RWD Molenbeek
57%
Sint-Truidense VV
57%
Sporting Charleroi
57%
Union SG
57%
Club NXT
43%
Jong Genk
43%
KV Mechelen
43%
Lierse SK
43%
Lommel SK
43%
OH Leuven
43%
RFC Liège
43%
RFC Seraing
43%
SK Beveren
43%
SV Zulte-Waregem
43%
Westerlo
43%
Francs Borains
29%
KMSK Deinze
29%
Lokeren-Temse
29%
Patro Eisden Maasmechelen
29%
RAAL La Louvière
29%
RSCA Futures
29%
No matching quizzes found
Score Distribution
Percent of People with Each Score
Percentile by Number Answered
Your Score History
You have not taken this quiz since the last reset